[Event "Agneaux St Lo op U20 16th"]
[Site "Agneaux"]
[Date "2014.07.09"]
[Round "4"]
[White "Kavalkou, Pavel"]
[Black "Dory, Manon"]
[Result "1-0"]
[WhiteElo "1820"]
[BlackElo "1653"]
[PlyCount "65"]
[EventDate "2014.07.06"]
[EventType "swiss"]
[EventRounds "9"]
[EventCountry "FRA"]
[SourceTitle "EXT 2015"]
[Source "ChessBase"]
[SourceDate "2014.11.20"]
[SourceVersion "1"]
[SourceVersionDate "2014.11.20"]
[SourceQuality "1"]

1. Nf3 d5 2. c4 e6 3. b3 Nf6 4. Bb2 b6 5. g3 Bb7 6. Bg2 Nbd7 7. 0-0 Be7 8. d4 0-0 9. Nbd2 c5 10. e3 dxc4 11. bxc4 Ne4 12. Nxe4 Bxe4 13. Qb3 Bf6 14. Rfd1 Qc7 15. Nd2 Bxg2 16. Kxg2 Rfd8 17. Ne4 Qb7 18. f3 Rab8 19. dxc5 Bxb2 20. Qxb2 Qc7 21. cxb6 Nxb6 22. c5 Nc4 23. Qc3 Ne5 24. Rab1 h6 25. Rxb8 Rxb8 26. Rd2 Nd7 27. Qd4 Ne5 28. a4 a5 29. Nd6 Nc6 30. Qc3 Rb4 31. Nb5 Qb7 32. Qc2 Ne5 33. Rd8# 1-0

[Event "FRA-ch U16 Girls"]
[Site "Saint Paul Trois Chateaux"]
[Date "2013.05.01"]
[Round "4"]
[White "Dory, Manon"]
[Black "Banat, Rizlene"]
[Result "0-1"]
[WhiteElo "1676"]
[BlackElo "1759"]
[PlyCount "122"]
[EventDate "2013.04.28"]
[EventType "swiss"]
[EventRounds "9"]
[EventCountry "FRA"]
[SourceTitle "CBM 154 Extra"]
[Source "ChessBase"]
[SourceDate "2013.06.25"]
[SourceVersion "2"]
[SourceVersionDate "2013.06.25"]
[SourceQuality "1"]

1. e4 c5 2. c3 Nf6 3. e5 Nd5 4. Nf3 e6 5. Bc4 Nb6 6. Bb3 Nc6 7. d4 cxd4 8. cxd4 d6 9. Qe2 Be7 10. 0-0 0-0 11. Nc3 a6 12. a3 Qc7 13. Re1 Nd7 14. Bc2 b5 15. Qe4 g6 16. Bh6 Re8 17. h4 Bb7 18. Qf4 dxe5 19. dxe5 Bf8 20. Bxf8 Rxf8 21. Qh6 Ncxe5 22. Nxe5 Nxe5 23. Qg5 Nc4 24. Be4 Nd6 25. Qe5 Rfd8 26. Red1 Rab8 27. Rac1 Qe7 28. Bxb7 Rxb7 29. Qc5 Nf5 30. Qxe7 Rxd1+ 31. Rxd1 Nxe7 32. Rd8+ Kg7 33. Kf1 Nc6 34. Rd6 Nb8 35. g3 b4 36. axb4 Rxb4 37. Nd1 a5 38. Ke1 Rb7 39. Rd3 Nc6 40. Rc3 Rb6 41. Kd2 Ne7 42. Kc2 Nd5 43. Ra3 Rc6+ 44. Kd2 Ra6 45. Nc3 Nxc3 46. Kxc3 Rc6+ 47. Kd3 Rd6+ 48. Kc3 Rd5 49. Ra4 Rf5 50. f4 Rd5 51. Rd4 Rb5 52. b3 Kf6 53. Kc4 Rb4+ 54. Kc3 Rb7 55. g4 h5 56. g5+ Kf5 57. Rc4 Kg4 58. Ra4 Rb5 59. Kc4 Rd5 60. Kc3 Kxh4 61. Re4 Kg3 0-1

[Event "FRA-ch U14 Girls"]
[Site "Montlucon"]
[Date "2011.04.24"]
[Round "9"]
[White "Dory, Manon"]
[Black "Dusserre, Salome"]
[Result "1-0"]
[WhiteElo "1620"]
[BlackElo "1560"]
[PlyCount "109"]
[EventDate "2011.04.17"]
[EventType "swiss"]
[EventRounds "9"]
[EventCountry "FRA"]
[SourceTitle "CBM 142 Extra"]
[Source "ChessBase"]
[SourceDate "2011.06.27"]
[SourceVersion "1"]
[SourceVersionDate "2011.06.27"]
[SourceQuality "1"]

1. e4 c6 2. d4 d5 3. Nc3 dxe4 4. Nxe4 Nf6 5. Nxf6+ gxf6 6. Bc4 Bf5 7. Nf3 Qc7 8. Qe2 Bg4 9. h3 Bh5 10. g4 Bg6 11. h4 h5 12. g5 fxg5 13. Bxg5 Nd7 14. 0-0-0 Nb6 15. Bb3 0-0-0 16. Ne5 Rh7 17. Nxg6 fxg6 18. Qe4 Nd5 19. Qxg6 Rh8 20. Qf5+ Kb8 21. Bxd5 Rxd5 22. Qf7 Ka8 23. Bf4 Qxf4+ 24. Qxf4 Bh6 25. Qxh6 Rxh6 26. Rhe1 e6 27. Re5 Kb8 28. Rxd5 cxd5 29. Kd2 Kc7 30. Rg1 Rf6 31. Ke3 a6 32. Rg7+ Kc6 33. Rh7 Rf5 34. Rh6 Kd6 35. b4 b6 36. a4 a5 37. b5 Kd7 38. f4 Ke7 39. Rh7+ Rf7 40. Rxh5 Rg7 41. Rg5 Rh7 42. h5 Kd7 43. f5 exf5 44. Rxf5 Kd6 45. Kf4 Ke6 46. Re5+ Kd6 47. Kg5 Rg7+ 48. Kf6 Rg4 49. c3 Rf4+ 50. Rf5 Re4 51. Kg5 Re7 52. h6 Rh7 53. Kg6 Rxh6+ 54. Kxh6 Ke6 55. Kg6 1-0

[Event "FRA-ch U14 Girls"]
[Site "Montlucon"]
[Date "2011.04.23"]
[Round "8"]
[White "Baldi, Valentine"]
[Black "Dory, Manon"]
[Result "1-0"]
[WhiteElo "1589"]
[BlackElo "1620"]
[PlyCount "55"]
[EventDate "2011.04.17"]
[EventType "swiss"]
[EventRounds "9"]
[EventCountry "FRA"]
[SourceTitle "CBM 142 Extra"]
[Source "ChessBase"]
[SourceDate "2011.06.27"]
[SourceVersion "1"]
[SourceVersionDate "2011.06.27"]
[SourceQuality "1"]

1. d4 d5 2. c4 e6 3. Nc3 Nf6 4. Nf3 b6 5. e3 Bb7 6. Bd3 Nbd7 7. 0-0 Be7 8. Qc2 0-0 9. e4 dxc4 10. Bxc4 c5 11. e5 Ng4 12. Ne4 cxd4 13. Neg5 g6 14. Qe2 Bxg5 15. Bxg5 Qe8 16. Nxd4 Ndxe5 17. h3 Nxc4 18. hxg4 Qc8 19. Rac1 Qc5 20. Bh6 Qd5 21. Nf3 Rfc8 22. b3 Nd6 23. Rxc8+ Rxc8 24. Rd1 Qe4 25. Qb2 Ne8 26. Qa3 Nf6 27. Qe7 Ne8 28. Qf8# 1-0

[Event "FRA-ch U12 Girls"]
[Site "Troyes"]
[Date "2010.06.16"]
[Round "7"]
[White "Jacob, Eva"]
[Black "Dory, Manon"]
[Result "0-1"]
[WhiteElo "1500"]
[BlackElo "1604"]
[PlyCount "112"]
[EventDate "2010.04.11"]
[EventType "swiss"]
[EventRounds "9"]
[EventCountry "FRA"]
[SourceTitle "EXT 2012"]
[Source "ChessBase"]
[SourceDate "2011.11.24"]
[SourceVersion "1"]
[SourceVersionDate "2011.11.24"]
[SourceQuality "1"]

1. e4 c5 2. d4 cxd4 3. c3 d5 4. exd5 Qxd5 5. cxd4 Nc6 6. Be3 Nf6 7. Nc3 Qd8 8. Bc4 Bf5 9. Nf3 e6 10. 0-0 Be7 11. d5 exd5 12. Nxd5 Nxd5 13. Bxd5 Qc7 14. Rc1 Bd7 15. Qd2 Bd6 16. Rfd1 Be7 17. Bxf7+ Kxf7 18. Qxd7 Qxd7 19. Rxd7 Rab8 20. Bf4 Ke6 21. Bxb8 Kxd7 22. Bg3 Ke6 23. Re1+ Kf7 24. Rd1 Ke6 25. h3 Rc8 26. Rc1 Rd8 27. Re1+ Kf7 28. Ne5+ Nxe5 29. Bxe5 Rd2 30. Bxg7 Bc5 31. Bc3 Bxf2+ 32. Kf1 Bxe1 33. Bxd2 Bxd2 34. b3 Kf6 35. Ke2 Bg5 36. g4 h6 37. a3 a5 38. a4 Ke5 39. Kd3 Kd5 40. Kc3 Kc5 41. Kb2 Kd4 42. Kc2 b6 43. Kb2 Ke3 44. Kc3 Kf3 45. Kc4 Be3 46. Kd3 Bc5 47. Kd2 Kg3 48. Ke2 Kxh3 49. Kf3 Bd6 50. Ke2 Kxg4 51. Kf2 h5 52. Kg2 h4 53. Kh1 h3 54. Kg1 h2+ 55. Kg2 Kh4 56. Kh1 Kg3 0-1

[Event "FRA-ch U12 Girls"]
[Site "Troyes"]
[Date "2010.04.18"]
[Round "9"]
[White "Olive, Aurianne"]
[Black "Dory, Manon"]
[Result "0-1"]
[WhiteElo "1510"]
[BlackElo "1604"]
[PlyCount "114"]
[EventDate "2010.04.11"]
[EventType "swiss"]
[EventRounds "9"]
[EventCountry "FRA"]
[SourceTitle "EXT 2012"]
[Source "ChessBase"]
[SourceDate "2011.11.24"]
[SourceVersion "1"]
[SourceVersionDate "2011.11.24"]
[SourceQuality "1"]

1. e4 c5 2. Nf3 Nc6 3. d4 cxd4 4. Nxd4 Nf6 5. Nc3 d6 6. Bb5 Bd7 7. Bxc6 Bxc6 8. Nxc6 bxc6 9. 0-0 e6 10. Bg5 Be7 11. Rb1 h6 12. Bxf6 Bxf6 13. Re1 0-0 14. h3 Qc7 15. Qd3 d5 16. exd5 cxd5 17. Nb5 Qa5 18. a3 Rab8 19. Nc3 Rfc8 20. Ne2 Rxb2 21. Rf1 Rcxc2 22. Nf4 Rd2 23. Qf3 Qc3 24. Qxc3 Bxc3 25. Rbc1 Be5 26. g3 Bxf4 27. gxf4 Rdc2 28. Rxc2 Rxc2 29. Rb1 Ra2 30. h4 Rxa3 31. Kg2 f6 32. f3 h5 33. Kg3 a5 34. f5 e5 35. Rb8+ Kh7 36. Rb5 d4 37. Rd5 a4 38. Kf2 Ra2+ 39. Ke1 a3 40. Kd1 Rf2 41. Kc1 Rxf3 42. Kb1 Rh3 43. Ka2 Rxh4 44. Kxa3 Rf4 45. Kb3 h4 46. Rc5 Rxf5 47. Rc1 h3 48. Rh1 Rh5 49. Kc2 g5 50. Kd2 g4 51. Ke2 g3 52. Kf3 g2 53. Rg1 h2 54. Rxg2 h1Q 55. Kf2 Rf5+ 56. Kg3 Rg5+ 57. Kf3 Qxg2# 0-1

[Event "FRA-ch U12 Girls"]
[Site "Troyes"]
[Date "2010.04.17"]
[Round "8"]
[White "Dory, Manon"]
[Black "Malassagne, Isabelle"]
[Result "0-1"]
[WhiteElo "1604"]
[BlackElo "1680"]
[PlyCount "96"]
[EventDate "2010.04.11"]
[EventType "swiss"]
[EventRounds "9"]
[EventCountry "FRA"]
[SourceTitle "EXT 2012"]
[Source "ChessBase"]
[SourceDate "2011.11.24"]
[SourceVersion "1"]
[SourceVersionDate "2011.11.24"]
[SourceQuality "1"]

1. e4 c5 2. Nf3 Nc6 3. d4 cxd4 4. Nxd4 d6 5. c4 g6 6. Nc3 Bg7 7. Be3 Nf6 8. Be2 0-0 9. 0-0 Bd7 10. Qd2 Rc8 11. Rac1 a6 12. f3 Ne5 13. b3 Re8 14. Rfd1 Rb8 15. Nc2 Qc7 16. Nb4 Be6 17. Nbd5 Bxd5 18. Nxd5 Nxd5 19. cxd5 Qd8 20. Rc2 Rc8 21. Rdc1 Rxc2 22. Qxc2 Qa5 23. Qd2 Qd8 24. Qc2 Qa5 25. a4 b5 26. Qd2 Qxd2 27. Bxd2 bxa4 28. bxa4 a5 29. Rc7 h5 30. Ra7 Nxf3+ 31. gxf3 Bd4+ 32. Kf1 Bxa7 33. Bb5 Rc8 34. Bxa5 Rc2 35. Be1 Rxh2 36. Bg3 Ra2 37. f4 Kg7 38. Bd7 f6 39. e5 dxe5 40. fxe5 fxe5 41. Bxe5+ Kh6 42. Bc7 Rb2 43. Bb5 g5 44. Be5 Ra2 45. Bc3 Bc5 46. a5 g4 47. Ke1 g3 48. Bd2+ Rxd2 0-1

[Event "FRA-ch U12 Girls"]
[Site "Troyes"]
[Date "2010.04.14"]
[Round "5"]
[White "Baldi, Valentine"]
[Black "Dory, Manon"]
[Result "1-0"]
[WhiteElo "1635"]
[BlackElo "1604"]
[PlyCount "145"]
[EventDate "2010.04.11"]
[EventType "swiss"]
[EventRounds "9"]
[EventCountry "FRA"]
[SourceTitle "EXT 2012"]
[Source "ChessBase"]
[SourceDate "2011.11.24"]
[SourceVersion "1"]
[SourceVersionDate "2011.11.24"]
[SourceQuality "1"]

1. d4 d5 2. c4 e6 3. Nc3 Nf6 4. Nf3 Be7 5. e3 0-0 6. Bd3 b6 7. 0-0 Bb7 8. Re1 dxc4 9. Bxc4 c5 10. b3 Nc6 11. dxc5 Bxc5 12. Bb2 Qe7 13. Qe2 Rfd8 14. Red1 Rxd1+ 15. Rxd1 Rd8 16. a3 Rxd1+ 17. Qxd1 Bxa3 18. Bxa3 Qxa3 19. Nb5 Qa2 20. Ne5 h6 21. b4 Qa6 22. Nd4 Qa3 23. Nexc6 Bxc6 24. Nxc6 Qc3 25. Qd8+ Kh7 26. Qd3+ Qxd3 27. Bxd3+ g6 28. Nxa7 Nd5 29. Nc6 Kg7 30. Kf1 Nc3 31. Ke1 Kf8 32. Kd2 Nd5 33. Bc4 Nc7 34. Kc3 Ke8 35. Kd4 f6 36. f4 Kd7 37. b5 Kd6 38. e4 Kd7 39. Nb8+ Ke7 40. Na6 Ne8 41. g4 g5 42. f5 e5+ 43. Kd5 Kd7 44. Nb8+ Kc7 45. Nc6 Kd7 46. Bd3 Nc7+ 47. Kc4 Kd6 48. Kb4 Ne8 49. Bc4 Kc7 50. Ne7 Kd7 51. Ng8 Kd8 52. Nxh6 Ke7 53. Ng8+ Kf8 54. Be6 Kg7 55. Ne7 Nd6 56. Bd5 Kf8 57. Nc6 Ke8 58. Nb8 Ke7 59. Bc6 Kf7 60. Nd7 Nc8 61. Bb7 Nd6 62. Bd5+ Ke7 63. Nxb6 Kd8 64. Nc4 Ne8 65. b6 Kc8 66. b7+ Kb8 67. Na5 Nc7 68. Kc5 Ka7 69. Kd6 Nb5+ 70. Ke7 Nc7 71. Kxf6 Ne8+ 72. Kxe5 Kb8 73. Ke6 1-0

[Event "FRA-ch U12 Girls"]
[Site "Troyes"]
[Date "2010.04.11"]
[Round "1"]
[White "Schuller, Marine"]
[Black "Dory, Manon"]
[Result "1/2-1/2"]
[WhiteElo "1330"]
[BlackElo "1604"]
[PlyCount "83"]
[EventDate "2010.04.11"]
[EventType "swiss"]
[EventRounds "9"]
[EventCountry "FRA"]
[SourceTitle "EXT 2012"]
[Source "ChessBase"]
[SourceDate "2011.11.24"]
[SourceVersion "1"]
[SourceVersionDate "2011.11.24"]
[SourceQuality "1"]

1. e4 c5 2. Nf3 Nc6 3. d4 cxd4 4. Nxd4 Nf6 5. Nc3 d6 6. Bb5 Bd7 7. Nxc6 Bxc6 8. Bxc6+ bxc6 9. 0-0 g6 10. Bg5 Bg7 11. Qf3 Qb6 12. Bxf6 Bxf6 13. Rab1 0-0 14. b3 Qd4 15. Ne2 Qe5 16. c4 e6 17. Rfd1 Rfd8 18. Ng3 Bg7 19. a4 d5 20. exd5 exd5 21. cxd5 cxd5 22. Re1 Qc3 23. Qxc3 Bxc3 24. Re3 d4 25. Rd3 Rab8 26. Ne2 Rbc8 27. Rbd1 Bb2 28. h3 Rb8 29. Nxd4 Bxd4 30. Rxd4 Rxd4 31. Rxd4 Rxb3 32. Rd7 a5 33. Ra7 Rb1+ 34. Kh2 Kf8 35. Rxa5 Ke7 36. Kg3 Rb4 37. Kf3 h5 38. Ke3 Kd6 39. Kd3 Rb2 40. Ke3 Kc6 41. Rb5 Ra2 42. Rb4 1/2-1/2

[Event "FRA-ch U12 Girls"]
[Site "Aix les Bains"]
[Date "2009.04.21"]
[Round "4"]
[White "Legrand, Claire"]
[Black "Dory, Manon"]
[Result "1-0"]
[WhiteElo "1607"]
[BlackElo "1470"]
[PlyCount "47"]
[EventDate "2009.04.19"]
[EventType "swiss"]
[EventRounds "9"]
[EventCountry "FRA"]
[SourceTitle "CBM 130 Extra"]
[Source "ChessBase"]
[SourceDate "2009.07.02"]
[SourceVersion "2"]
[SourceVersionDate "2009.07.15"]
[SourceQuality "1"]

1. e4 c5 2. d3 Nc6 3. Nd2 Nf6 4. Ngf3 d6 5. g3 Bd7 6. Bg2 e6 7. 0-0 Be7 8. Re1 Qc7 9. c3 0-0 10. Nf1 Qb6 11. Qe2 Qb5 12. h4 Bd8 13. N1h2 Ba5 14. Bg5 Ne8 15. Rab1 Nc7 16. Ng4 h6 17. Bd2 Qa6 18. e5 d5 19. Bxh6 Kh7 20. Qe3 Bb6 21. Qg5 Rg8 22. Qh5 Rh8 23. Ng5+ Kg8 24. Qxf7# 1-0